10 minute guide to WordPerfect 5.1

Αποθηκεύτηκε σε:
Λεπτομέρειες βιβλιογραφικής εγγραφής
Κύριος συγγραφέας: Murray, Katherine 1961-
Άλλοι συγγραφείς: Sabotin, Doug
Μορφή: Βιβλίο
Γλώσσα:English
Δημοσίευση: Carmel, Ind. : SAMS, c1991
Θέματα:
Ετικέτες: Προσθήκη ετικέτας
Δεν υπάρχουν, Καταχωρήστε ετικέτα πρώτοι!

MARC

LEADER 00000nam a2200000 i 4500
001 1/29668
008 950728s1991 eng d
020 |a 0672228084  |c $9.95 ($12.95 Can.) 
035 |l 10023263 
040 |a GR-MY-UA  |b gre  |e aacr 
041 0 |a eng 
082 0 |a 652.5536  |2 (20) 
100 1 |a Murray, Katherine  |d 1961- 
245 1 0 |a 10 minute guide to WordPerfect 5.1 /  |c Katherine Murray, Doug Sabotin 
246 3 3 |a Ten minute guide to WordPerfect 5.1 
260 |a Carmel, Ind. :   |b SAMS,   |c c1991 
300 |a 141 p.;  |b ill.;  |c 22 cm 
500 |a Includes index 
650 0 0 |a Word processing. 
700 1 |a Sabotin, Doug. 
852 |a INST  |b CHIOS  |e 19950728  |h 652.5536 MUR  |p 005200002349  |q 005200002349  |t BK  |y 0 
909 |a Χ  |b 032779